000 00912nam a2200253 i 4500
001 139725
003 ES-MaACL
005 20231215062954.0
007 t|
008 070214s1987 sp r ||||1| spa d
020 _a978-84-7651-407-8
080 _a087.5:82
100 1 _aSazanami, Iwaya.
_9104117
245 1 0 _aCuentos de hadas japoneses /
_cIwaya Sazanami ; prólogo y traducción de Carmen Bravo-Villasante.
260 _aPalma de Mallorca :
_bJosé J. de Olañeta,
_c1987.
300 _aXV, 244 p., [8] p. de lám. col. :
_bil. ;
_c21 cm.
490 1 _aErase una vez...: biblioteca de cuentos maravillosos ;
_v37
650 4 _aCuentos de hadas.
_9148595
650 4 _aCuentos japoneses.
_9174268
700 1 _aBravo-Villasante, Carmen,
_d1918-1994
_931507
830 1 _aErase una vez...: biblioteca de cuentos maravillosos ;
_v37
_9177315
852 4 _aES-MaACL
_jL-12840
999 _c139725
_d139725